Where In The World Do They Speak...Arabic? - Statistics

General Stats
  • This quiz has been taken 349 times
    342 since last reset
  • The average score is 18 of 19
Answer Stats
Continent Answer % Correct
Africa Egypt
99%
Middle East Oman
98%
Middle East Saudi Arabia
98%
Middle East Yemen
98%
Middle East Iraq
97%
Africa Algeria
96%
Africa Morocco
96%
Middle East Qatar
96%
Middle East Syria
96%
Africa Libya
95%
Middle East United Arab Emirates
95%
Middle East Jordan
94%
Middle East Kuwait
94%
Middle East Lebanon
94%
Africa Tunisia
94%
Middle East Bahrain
93%
Africa Sudan
92%
Middle East Palestine
85%
Africa Mauritania
80%
No matching quizzes found
Score Distribution
Percent of People with Each Score
Percentile by Number Answered
Your Score History
You have not taken this quiz since the last reset